|
|
|
|
| LEADER |
00866nam a22002532a 4500 |
| 001 |
000953823 |
| 003 |
CZ BrMZK |
| 005 |
20091021135937.0 |
| 007 |
ta |
| 008 |
090708s1964 pl er|||||||||||pol d |
| 040 |
|
|
|a BOA001
|b cze
|
| 041 |
1 |
|
|a pol
|h ger
|
| 100 |
1 |
|
|a Geiss, Imanuel,
|d 1931-2012
|7 jn20000601735
|4 aut
|
| 245 |
1 |
0 |
|a Tzw. Polski pas graniczny 1914-1918 :
|b przyczynek do niemieckiej polityki wojennej w czasie 1. wojny światowej /
|c Imanuel Geiss
|
| 250 |
|
|
|a wyd. 1.
|
| 260 |
|
|
|a Warszawa :
|b Państwowe Wydawnictwo Naukowe,
|c 1964
|
| 300 |
|
|
|a 314 s.
|
| 500 |
|
|
|a Přeloženo z němčiny
|
| 504 |
|
|
|a Bibliografie na s. 294-303
|
| 765 |
0 |
|
|t Polnische Grenzstreifen 1914-1918
|9 Polsky
|
| 910 |
|
|
|a BOA001
|b 1-0521.505
|
| 990 |
|
|
|a BK
|
| 991 |
|
|
|b 200907
|
| 996 |
7 |
|
|b 2619455053
|c 1-0521.505
|l MZK
|r Sklad / do 1 hodiny
|n 0
|w 001085757
|u 000010
|a 1
|e BOA001
|j MZK50
|s A
|